|
|
|
|
| LEADER |
00000cam a2200000 a 4500 |
| 001 |
UCD6634 |
| 003 |
CL-VaPUC |
| 008 |
170108e20150000sp |||||||||||||||||spa|d |
| 082 |
0 |
4 |
|a 370.15
|b PEL
|2 21
|
| 100 |
0 |
|
|a Pellicer Royo, Irene
|e author
|9 590481
|
| 700 |
|
|
|a López González, Luis
|e autor
|9 597371
|
| 700 |
|
|
|a Mateu Serra, Mercè
|e autora
|9 533277
|
| 700 |
0 |
|
|a Mestres Pastor, Laia
|e author
|9 590484
|
| 700 |
0 |
|
|a Monguillot Hernando, Meritxell
|e author
|9 590485
|
| 700 |
0 |
|
|a Ruiz Omeñaca, Jesús Vicente
|e author
|9 590486
|
| 245 |
1 |
0 |
|a Neuro EF: la revolución de la Educación Física desde la Neurociencia
|
| 250 |
|
|
|a 1a. ed
|
| 300 |
|
|
|a 187 p
|
| 942 |
|
|
|c BK
|
| 945 |
|
|
|d 20170108 00:10:00
|a dcastane
|
| 260 |
|
|
|a Barcelona
|b INDE
|c 2015
|
| 650 |
|
0 |
|a Psicología educacional
|9 307830
|
| 650 |
|
0 |
|a Desarrollo mental
|9 313003
|
| 650 |
|
0 |
|a Salud mental
|9 308393
|
| 650 |
|
0 |
|a Neurociencias
|9 424346
|
| 650 |
|
0 |
|a Educación física
|9 240893
|
| 583 |
|
|
|a last modification
|c 20170108 00:10:00
|k Rodrigo Vera
|
| 999 |
|
|
|c 366888
|d 366886
|
| 952 |
|
|
|0 0
|1 0
|3 erb
|4 0
|6 370_150000000000000_PEL_2015
|7 0
|8 A
|9 481514
|a BIBEDU
|b BIBEDU
|i 5358590
|o 370.15 PEL 2015
|p 5358590
|r 2019-11-24
|w 2019-11-24
|y BK
|z Catalogado en:20170108
|k EFI
|
| 952 |
|
|
|0 0
|1 0
|3 erb
|4 0
|6 370_150000000000000_PEL_2015
|7 0
|8 A
|9 481515
|a BIBEDU
|b BIBEDU
|i 5358582
|o 370.15 PEL 2015
|p 5358582
|r 2019-11-24
|w 2019-11-24
|y BK
|z Catalogado en:20170108
|k EFI
|
| 952 |
|
|
|0 0
|1 0
|3 erb
|4 0
|6 370_150000000000000_PEL_2015
|7 0
|8 A
|9 481516
|a BIBEDU
|b BIBEDU
|i 5358574
|o 370.15 PEL 2015
|p 5358574
|r 2019-11-24
|w 2019-11-24
|y BK
|z Catalogado en:20170108
|k EFI
|